Can You Name The love never dies lyric (2) Quiz Stats

 Plays Quiz not verified by Sporcle

Support Sporcle.
Go Orange.
Score 0/55 Timer 15:00
0 Plays Today
% Correct
the
83.2%
the
83.2%
a
83.2%
you
71.1%
you
71.1%
you
71.1%
you
71.1%
you
71.1%
once
47.4%
i
43.3%
it
42.3%
we
42%
we
42%
to
40.2%
do
38.9%
what
38.1%
what
38.1%
your
35.6%
my
30.9%
when
30.7%
when
30.7%
that
30.2%
with
30.2%
have
29.6%
then?
24.5%
again
23.7%
could
23.2%
Phantom
20.1%
% Correct
don't
19.3%
fool!
18.3%
place
18%
that's
17%
ruined
17%
that's
17%
his
17%
even
16.2%
even
16.2%
mean?
16%
dream
15.7%
dark
15.7%
remember
15.2%
back
15.2%
men?
14.4%
destroyed
14.2%
greed!
13.9%
walk
13.7%
world
13.4%
happened
13.4%
dreams
13.4%
among
13.1%
known
12.6%
couldn't
12.4%
dared
12.4%
fault
12.1%
wasn't
11.6%

You're not logged in!

Compare scores with friends on all Sporcle quizzes.
OR
Log In

From the Vault

Best Young Adult Books by Cover

by gazzso

It's time to judge these books by their covers.
Remove Ads.
Support Sporcle.
Get the best of Sporcle when you Go Orange. This ad-free experience offers more features, more stats, and more fun while also helping to support Sporcle. Thank you for becoming a member.

Show Comments

Extras

Created Mar 10, 2011ReportNominate
Tags:Love, name, Never

Top Quizzes Today


Score Distribution

Your Account Isn't Verified!

In order to create a playlist on Sporcle, you need to verify the email address you used during registration. Go to your Sporcle Settings to finish the process.

Report this User

Report this user for behavior that violates our Community Guidelines.

Details: